Interviewing and salary negotiation for job hunters, career changers, consultants, and freelancers

Uloženo v:
Podrobná bibliografie
Hlavní autor: Wendleton, Kate
Další autoři: Gordon, George J
Médium: Kniha
Jazyk:Undetermined
Vydáno: Clifton Park, NY Thomson/Delmar Learning 1999
Témata:
On-line přístup:http://lrc.tdmu.edu.vn/opac/search/detail.asp?aID=2&ID=7683
Tagy: Přidat tag
Žádné tagy, Buďte první, kdo otaguje tento záznam!
Thư viện lưu trữ: Trung tâm Học liệu Trường Đại học Thủ Dầu Một
LEADER 00709nam a2200217Ia 4500
001 TDMU_7683
008 210410s9999 xx 000 0 und d
082 |a 650.14 
090 |b W203 
100 |a Wendleton, Kate 
245 0 |a Interviewing and salary negotiation 
245 0 |b for job hunters, career changers, consultants, and freelancers 
245 0 |c Kate Wendleton 
260 |a Clifton Park, NY 
260 |b Thomson/Delmar Learning 
260 |c 1999 
300 |a 178 p. 
650 |a Employment interviewing; Job hunting 
700 |a Gordon, George J 
856 |u http://lrc.tdmu.edu.vn/opac/search/detail.asp?aID=2&ID=7683 
980 |a Trung tâm Học liệu Trường Đại học Thủ Dầu Một